000 00407nam a2200169 a 4500
001 0000-9283
003 ELIB.Books
008 110520 1976
035 _a(ELIB.Books)0000-9435
082 _aFic
_bRid
100 _aRidsdale, Angela M.
245 _aWhat makes me tick
260 _bMelbourne: Nelson
_c1976
650 _aFiction
942 _2ddc
_cBK
998 _cbat
_e2011-05-20
999 _c9283
_d9283